Sporting Grounds in Australia - Statistics

General Stats
  • This quiz has been taken 20 times
  • The average score is 8 of 38
Answer Stats
Hint Answer % Correct
Melbourne Stars Home GroundCollingwood Magpies Home Ground MCG
90%
Sydney Swans Home GroundSydney Sixers Home Ground Sydney Roosters Home Ground SCG
80%
Adelaide Strikers Home Ground Adelaide Oval
60%
Melbourne Renegades Home Ground Marvel Stadium
55%
Perth Scorchers Home GroundPerth Glory Home Ground Optus Stadium
55%
Melbourne Storm Home GroundMelbourne City Home Ground
Melbourne Victory Home Ground
AAMI Park
45%
Sydney Roosters Home GroundSydney FC Home Ground Allianz Stadium
45%
Brisbane Broncos Home GroundThe Dolphins Home Ground Brisbane Roar Home Ground Suncorp Stadium
45%
Brisbane Lions Home GroundBrisbane Heat Home Ground The Gabba
40%
Parramatta Eels Home GroundWestern Sydney Wanderers Home Ground CommBank Stadium
25%
South Sydney Rabbitohs Home GroundSydney Roosters Home Ground Canterbury Bankstown Bulldogs Home Ground Sydney FC Home Ground Accor Stadium
20%
Canterbury Bankstown Bulldogs Home Ground Belmore Sports Ground
20%
Gold Coast Titans Home Ground Cbus Super Stadium
20%
Hobart Hurricanes Home Ground UTAS Stadium
20%
Sydney Roosters Home Ground *Perth Bears Home Ground Sydney Sixers Home Ground North Sydney Oval
15%
North Queensland Cowboys Home Ground Queensland Country Bank Stadium
15%
Perth Scorchers Home GroundPerth Glory Home Ground The WACA
15%
Manly Sea Eagles Home Ground 4 Pines Park
10%
Sydney Roosters Secondary Home Ground Central Coast Stadium
10%
Sydney Sixers Home Ground C.ex Coffs International Stadium
10%
Canberra Raiders Home Ground GIO Stadium
10%
The Dolphins Home Ground Kayo Stadium
10%
Newcastle Knights Home Ground Mcdonald Jones Stadium
10%
St. George Illawarra Dragons Home Ground
Sydney FC Home Ground
Netstrata Jubilee Stadium
10%
Sydney Sixers Home Ground *Melbourne Storm Home away from Home Ground Sunshine Coast Stadium
10%
Penrith Panthers Home Ground BlueBet Stadium
5%
West Tigers Home Ground Campbelltown Stadium
5%
Melbourne Renegades Home GroundWestern United Home Ground GMHBA Stadium
5%
Sydney Thunder Home Ground Lavington Sports Ground
5%
West Tigers Home GroundSydney FC Home Ground Leichhardt Stadium
5%
Sydney Thunder Home GroundGWS Giants Home Ground Sydney ShowGround
5%
Parramatta Eels Home Ground TIO Stadium
5%
St. George Illawarra Dragons Home Ground WIN Stadium
5%
Hobart Hurricanes Home Ground Bludstone Arena
0%
Penrith Panthers Home Ground Carrington Park
0%
Sydney Thunder Home Ground Manuka Oval
0%
Melbourne Renegades Home Ground Metricon Stadium
0%
Cronulla Sutherlund Sharks Home Ground Pointsbet Stadium
0%
No matching quizzes found
Score Distribution
Percent of People with Each Score
Percentile by Number Answered
Your Score History
You have not taken this quiz